Wireless communications (Record no. 180136)

MARC details
000 -LEADER
fixed length control field 00461nam a2200169Ia 4500
005 - DATE AND TIME OF LATEST TRANSACTION
control field 20250424145131.0
008 - FIXED-LENGTH DATA ELEMENTS--GENERAL INFORMATION
fixed length control field 231217s9999 xx 000 0 und d
020 ## - INTERNATIONAL STANDARD BOOK NUMBER
International Standard Book Number 9780521684545
082 ## - DEWEY DECIMAL CLASSIFICATION NUMBER
Classification number 621.38224 GOL;1
100 ## - MAIN ENTRY--PERSONAL NAME
Personal name Goldsmith, Andrea
245 #0 - TITLE STATEMENT
Title Wireless communications
260 ## - PUBLICATION, DISTRIBUTION, ETC. (IMPRINT)
Date of publication, distribution, etc. 2005
Name of publisher, distributor, etc. Cambridge University Press
Place of publication, distribution, etc. Cambridge
300 ## - PHYSICAL DESCRIPTION
Extent xxviii+644
500 ## - GENERAL NOTE
General note Content page available
650 ## - SUBJECT ADDED ENTRY--TOPICAL TERM
Topical term or geographic name as entry element Wireless,communications
942 ## - ADDED ENTRY ELEMENTS (KOHA)
Koha item type Books
Holdings
Date last seen Total Checkouts Full call number Accession number Old discount Uniform Resource Identifier Cost, replacement price Price effective from Category Lost status Damaged status Department Withdrawn status bill no. bill date Permanent Location Current Location Shelving location Entry date Vendor Cost, normal purchase price Grants Currency symbol Conversion rate Discount Discount type
26/01/2024   621.38224 GOL;1 47828 25 digital/contents/47828.pdf 371.25 26/01/2024 Books     TC   231 07/02/2009 Central Library Central Library TC 03/01/2008 Ell Enn books 495.00 TC/PG RS 1 123.75 Rupees

© For any Suggestions or Query, please contact the library staff @ librarian@pes.edu or Phone: +9180 2672 1983/ 2108.